00267nam a2200109Ia 4500008004100000020001500041100002200056245003400078250000800112260002900120300000800149211105s9999 xx 000 0 und d aVYASA15511 aLakshminarain Rao 0aVaraha Mihira'S Brihat Jataka a5th bMotilal banarsidass c\N a640